|
|
|
|
| LEADER |
01928nam a2200517 4500 |
| 001 |
ocn941779216 |
| 003 |
OCoLC |
| 005 |
20180501122029.0 |
| 006 |
m o d |
| 007 |
cr cnu|||unuuu |
| 008 |
160229s2016 enk o 001 0 eng d |
| 040 |
|
|
|a N$T
|b eng
|e rda
|e pn
|c N$T
|d UIU
|d OPELS
|d N$T
|d YDXCP
|d CDX
|d IDEBK
|d EBLCP
|d OCLCF
|d OCLCQ
|d ESU
|d MERUC
|d GrThAP
|
| 019 |
|
|
|a 942843655
|
| 020 |
|
|
|a 9780128096550
|q electronic bk.
|
| 020 |
|
|
|a 0128096551
|q electronic bk.
|
| 020 |
|
|
|a 9780128051566
|
| 020 |
|
|
|a 0128051566
|
| 035 |
|
|
|a (OCoLC)941779216
|z (OCoLC)942843655
|
| 050 |
|
4 |
|a RC268.3
|
| 072 |
|
7 |
|a HEA
|x 039000
|2 bisacsh
|
| 072 |
|
7 |
|a MED
|x 014000
|2 bisacsh
|
| 072 |
|
7 |
|a MED
|x 022000
|2 bisacsh
|
| 072 |
|
7 |
|a MED
|x 112000
|2 bisacsh
|
| 072 |
|
7 |
|a MED
|x 045000
|2 bisacsh
|
| 082 |
0 |
4 |
|a 616.99/4
|2 23
|
| 049 |
|
|
|a TEFA
|
| 245 |
0 |
0 |
|a Tumor immunology /
|c edited by Robert D. Schreiber.
|
| 264 |
|
1 |
|a Cambridge, UK :
|b Academic Press is an imprint of Elsevier,
|c 2016.
|
| 300 |
|
|
|a 1 online resource.
|
| 336 |
|
|
|a text
|b txt
|2 rdacontent
|
| 337 |
|
|
|a computer
|b c
|2 rdamedia
|
| 338 |
|
|
|a online resource
|b cr
|2 rdacarrier
|
| 490 |
1 |
|
|a Advances in immunology ;
|v volume 130
|
| 500 |
|
|
|a Includes index.
|
| 588 |
0 |
|
|a Online resource; title from PDF title page (ScienceDirect, viewed March 3, 2016).
|
| 650 |
|
0 |
|a Tumors
|x Immunological aspects.
|
| 650 |
|
7 |
|a HEALTH & FITNESS / Diseases / General
|2 bisacsh
|
| 650 |
|
7 |
|a MEDICAL / Clinical Medicine
|2 bisacsh
|
| 650 |
|
7 |
|a MEDICAL / Diseases
|2 bisacsh
|
| 650 |
|
7 |
|a MEDICAL / Evidence-Based Medicine
|2 bisacsh
|
| 650 |
|
7 |
|a MEDICAL / Internal Medicine
|2 bisacsh
|
| 650 |
|
7 |
|a Tumors
|x Immunological aspects.
|2 fast
|0 (OCoLC)fst01158775
|
| 655 |
|
4 |
|a Electronic books.
|
| 700 |
1 |
|
|a Schreiber, Robert,
|d 1946-
|e editor.
|
| 830 |
|
0 |
|a Advances in immunology ;
|v v. 130.
|
| 856 |
4 |
0 |
|u https://www.sciencedirect.com/science/bookseries/00652776/130
|z Full Text via HEAL-Link
|